[Event "Washington op Premier"]
[Site "Redmond"]
[Date "2010.05.30"]
[Round "4"]
[White "Saidy, Jawid"]
[Black "Williams, Antonio"]
[Result "1-0"]
[WhiteElo "1786"]
[BlackElo "1365"]
[PlyCount "73"]
[EventDate "2010.05.29"]
[EventType "swiss"]
[EventRounds "6"]
[EventCountry "USA"]
[SourceTitle "EXT 2017"]
[Source "ChessBase"]
[SourceDate "2016.10.25"]
[SourceVersion "1"]
[SourceVersionDate "2016.10.25"]
[SourceQuality "1"]

1. d4 Nf6 2. c4 c5 3. d5 e6 4. Nc3 exd5 5. cxd5 d6 6. e4 g6 7. f4 Bg7 8. Bb5+ Nbd7 9. e5 Qe7 10. Qe2 dxe5 11. fxe5 Ng8 12. e6 Bxc3+ 13. bxc3 fxe6 14. dxe6 a6 15. exd7+ Bxd7 16. Bxd7+ Kxd7 17. Qxe7+ Nxe7 18. Nf3 Nd5 19. 0-0 Nxc3 20. Bb2 Ne2+ 21. Kf2 Nd4 22. Nxd4 cxd4 23. Bxd4 Rhf8+ 24. Ke3 Rae8+ 25. Kd3 Rxf1 26. Rxf1 Ke6 27. Re1+ Kf7 28. Rxe8 Kxe8 29. Bb6 Kd7 30. a4 Ke6 31. Ke4 h5 32. h4 Kd6 33. Kf4 Ke6 34. Kg5 Kf7 35. a5 Kg7 36. Bd4+ Kf7 37. Bc3 1-0